Catálogo
 En Linea

La epopeya del civismo costarricense : (Registro nro. 13971)

Detalles MARC
000 -CABECERA
campo de control de longitud fija 00959cam a2200229 a 4500
001 - NÚMERO DE CONTROL
campo de control 000014380
005 - FECHA Y HORA DE LA ÚLTIMA TRANSACCIÓN
campo de control 20200929163609.0
008 - DATOS DE LONGITUD FIJA--INFORMACIÓN GENERAL
campo de control de longitud fija 910424s1979 cr a 000 0 spa
020 ## - NÚMERO INTERNACIONAL ESTÁNDAR DEL LIBRO
Número Internacional Estándar del Libro 9977581290
040 ## - FUENTE DE LA CATALOGACIÓN
Centro catalogador/agencia de origen DO-SdBNP
Lengua de catalogación spa
Centro/agencia transcriptor BNPHU
082 ## - NÚMERO DE LA CLASIFICACIÓN DECIMAL DEWEY
Número de clasificación xx
Número de documento/Ítem xx
130 0# - ENTRADA PRINCIPAL--TÍTULO UNIFORME
Título uniforme 7 de noviembre de 1889.
9 (RLIN) 32476
245 13 - MENCIÓN DE TÍTULO
Título La epopeya del civismo costarricense :
Resto del título el 7 de noviembre de 1889 /
Mención de responsabilidad, etc. José María Pinaud ; compilador.
260 ## - PUBLICACIÓN, DISTRIBUCIÓN, ETC.
Lugar de publicación, distribución, etc. San José :
Nombre del editor, distribuidor, etc. Comisión Nacional Organizadora, Centenario de la Democracia,
-- Ministerio de Cultura, Juventud y Deportes, Dirección de Publicaciones 1979,
Fecha de publicación, distribución, etc. 1979.
300 ## - DESCRIPCIÓN FÍSICA
Extensión 162 p. :
Otras características físicas il. ;
Dimensiones 18 cm.
490 1# - MENCIÓN DE SERIE
Mención de serie Rescate
Designación de volumen o secuencia 5
500 ## - NOTA GENERAL
Nota general Originalmente publicado bajo el título: El 7 de noviembre de 1889.
651 #0 - PUNTO DE ACCESO ADICIONAL DE MATERIA--NOMBRE GEOGRÁFICO
Nombre geográfico Costa Rica
Subdivisión geográfica Politics And Government
Subdivisión cronológica 1821-1948.
9 (RLIN) 32477
650 #0 - PUNTO DE ACCESO ADICIONAL DE MATERIA--TÉRMINO DE MATERIA
Término de materia o nombre geográfico como elemento de entrada Elections
Subdivisión geográfica Costa Rica
Subdivisión general History
Subdivisión cronológica 19th century.
9 (RLIN) 32478
700 1# - PUNTO DE ACCESO ADICIONAL--NOMBRE DE PERSONA
Nombre de persona Pinaud, Jose Maria.
9 (RLIN) 32479
830 #0 - PUNTO DE ACCESO ADICIONAL DE SERIE-TÍTULO UNIFORME
Título uniforme Rescate ;
Designación de volumen o secuencia 5
9 (RLIN) 32480
Existencias
Estado de retiro Estado de pérdida Restricciones de uso No para préstamo Código de colección Localización permanente Ubicación/localización actual Ubicación en estantería Fecha de adquisición Número de inventario Total de préstamos Signatura topográfica completa Código de barras Fecha visto por última vez Precio válido a partir de Tipo de ítem Koha
    Préstamo interno   Monografías: Libros y Folletos General General En catalogación 10.12.2009 LF1   xx xx 14380-10 25.06.2020 25.06.2020 Préstamo interno

Con tecnología Koha